[Event "Southend op"]
[Site "London"]
[Date "1998.04.12"]
[Round "6"]
[White "Young, Nigel P"]
[Black "Burrows, Jonathan"]
[Result "1/2-1/2"]
[WhiteElo "1720"]
[BlackElo "1376"]
[PlyCount "126"]
[EventDate "1998.04.10"]
[EventType "swiss"]
[EventRounds "7"]
[EventCountry "ENG"]
[SourceTitle "EXT 2001"]
[Source "ChessBase"]
[SourceDate "2000.11.22"]
[SourceVersion "1"]
[SourceVersionDate "2000.11.22"]
[SourceQuality "1"]

1. c4 Nf6 2. Nc3 e6 3. Nf3 b6 4. d4 Be7 5. e3 Bb7 6. Bd3 d5 7. cxd5 Nxd5 8. 0-0 0-0 9. e4 Nxc3 10. bxc3 c5 11. Qe2 cxd4 12. cxd4 Nc6 13. Be3 Nb4 14. Rfc1 Nxd3 15. Qxd3 Bf6 16. Rc2 Qd7 17. Rac1 Rfc8 18. Bg5 Bxg5 19. Nxg5 h6 20. Nf3 Rxc2 21. Rxc2 Rc8 22. Ne1 Rxc2 23. Nxc2 Qa4 24. h3 Qxa2 25. Nb4 Qa1+ 26. Kh2 Qe1 27. d5 exd5 28. Nxd5 Bxd5 29. exd5 Qe5+ 30. Kg1 Kf8 31. Qa3+ Ke8 32. Qxa7 Qe1+ 33. Kh2 Qxf2 34. Qb8+ Kd7 35. Qe5 g5 36. Qa1 Kd6 37. Qa3+ Kxd5 38. Qa8+ Ke6 39. Qc6+ Ke7 40. Qxh6 Qf4+ 41. Kh1 b5 42. Qc6 b4 43. Qd5 f5 44. Qb7+ Kd6 45. Qb6+ Ke7 46. Qb7+ Kf6 47. Qc6+ Kg7 48. Qd7+ Kh6 49. Qe6+ Kh5 50. Qe8+ Kh4 51. Qe1+ Kh5 52. Qe8+ Kh6 53. Qe6+ Kg7 54. Qe7+ Kg6 55. Qe6+ Kh5 56. Qe8+ Kh4 57. Qe1+ Qg3 58. Qxb4+ f4 59. Qe4 Qe3 60. g3+ Kxh3 61. Qf5+ Kxg3 62. Qxg5+ Kf2 63. Qxf4+ Qxf4 1/2-1/2

[Event "Southend op"]
[Site "London"]
[Date "1998.04.11"]
[Round "3"]
[White "Patience, Paul J"]
[Black "Young, Nigel P"]
[Result "1-0"]
[WhiteElo "1936"]
[BlackElo "1720"]
[PlyCount "73"]
[EventDate "1998.04.10"]
[EventType "swiss"]
[EventRounds "7"]
[EventCountry "ENG"]
[SourceTitle "EXT 2001"]
[Source "ChessBase"]
[SourceDate "2000.11.22"]
[SourceVersion "1"]
[SourceVersionDate "2000.11.22"]
[SourceQuality "1"]

1. e4 e6 2. d4 d5 3. Nc3 Bb4 4. e5 c5 5. a3 Ba5 6. b4 cxd4 7. bxa5 dxc3 8. Qg4 Ne7 9. Qxg7 Rg8 10. Qxh7 Nbc6 11. f4 Qxa5 12. Nf3 d4 13. Rb1 Qc7 14. h4 Bd7 15. Ng5 Nxe5 16. fxe5 Qxe5+ 17. Kd1 Rg7 18. Qh8+ Ng8 19. Bf4 Qf6 20. Bd3 Qxf4 21. Ne4 Rxg2 22. Qxd4 Qf3+ 23. Kc1 Rg4 24. Rf1 Rxe4 25. Qxe4 Qh5 26. Rxb7 Rc8 27. Qd4 Rd8 28. Qxa7 Qh6+ 29. Kb1 Qxh4 30. Rxd7 Rxd7 31. Bb5 Nf6 32. Rd1 Qh5 33. Bxd7+ Kf8 34. Qd4 Nxd7 35. Qxd7 Qh3 36. Qd8+ Kg7 37. Rg1+ 1-0

[Event "Southend op"]
[Site "London"]
[Date "1998.04.10"]
[Round "1"]
[White "Hall, David E"]
[Black "Young, Nigel P"]
[Result "1-0"]
[WhiteElo "1904"]
[BlackElo "1720"]
[PlyCount "67"]
[EventDate "1998.04.10"]
[EventType "swiss"]
[EventRounds "7"]
[EventCountry "ENG"]
[SourceTitle "EXT 2001"]
[Source "ChessBase"]
[SourceDate "2000.11.22"]
[SourceVersion "1"]
[SourceVersionDate "2000.11.22"]
[SourceQuality "1"]

1. d4 e6 2. Nf3 f5 3. g3 Nf6 4. Bg2 Be7 5. 0-0 0-0 6. c4 d6 7. Nc3 Qe8 8. Qc2 Nc6 9. Bg5 Nb4 10. Qb3 a5 11. a3 Na6 12. Bxf6 Bxf6 13. e4 fxe4 14. Nxe4 Kh8 15. Rfe1 Rb8 16. Rac1 b5 17. c5 a4 18. Qd3 dxc5 19. Nxc5 Nxc5 20. Rxc5 Qf7 21. Rec1 Bd8 22. R1c2 Bb7 23. Ne5 Qe8 24. Rxb5 Bxg2 25. Rxb8 Bd5 26. Rxc7 Bxc7 27. Rxe8 Rxe8 28. Qb5 Rc8 29. Qd7 Bb7 30. Nf7+ Kg8 31. Qxe6 Bxg3 32. Nh6+ Kh8 33. Qg8+ Rxg8 34. Nf7# 1-0